000 00523nam a2200193Ia 4500
005 20250508150358.0
008 008 250505s9999 xx 000 0 eng d
037 _aTextual
040 _aFEDL
_beng
_cFEDL
041 _aeng
_2eng
084 _a150, SCH
_qFEDL
100 _aSchoen Max
_952202
245 0 _aHuman nature in the making
260 _aNew York, USA
_bD. Van Nostrand Company
_c1945
300 _aviii,298p.
650 _aPsychology
942 _cTEXL
_h150, SCH
999 _c1323308
_d1323308